| 000 | 00488nam a22001817a 4500 | ||
|---|---|---|---|
| 005 | 20140205114516.0 | ||
| 010 | _aENG-109053 | ||
| 020 |
_a9788189331160 _c350.00 |
||
| 035 | _aEN-92586 | ||
| 037 | _bDBAD/PUB | ||
| 082 | _aS | ||
| 100 | _aGurcharan Singh | ||
| 245 |
_aDeferred hope / _cby Gurcharan Singh |
||
| 260 |
_aChandigarh _bEnkay Enterprises _c2011 |
||
| 270 |
_aSCO 49-51, Basement, Sector 17C _bChandigarh _e160017 |
||
| 300 |
_a128p. _c22cm(Hb) |
||
| 942 |
_2ddc _cEN _mGUR _hS |
||
| 999 |
_c81756 _d81756 |
||